Online
Catalog

La escuela española de historia y arqueología en Roma : (Record no. 5135)

MARC details
000 -CABECERA
campo de control de longitud fija 00597nam a2200181 a 4500
001 - NÚMERO DE CONTROL
campo de control 000005334
005 - FECHA Y HORA DE LA ÚLTIMA TRANSACCIÓN
campo de control 20200929151638.0
008 - DATOS DE LONGITUD FIJA--INFORMACIÓN GENERAL
campo de control de longitud fija 090819s2000 es a 001 spa d
020 ## - NÚMERO INTERNACIONAL ESTÁNDAR DEL LIBRO
Número Internacional Estándar del Libro 849507897X
040 ## - FUENTE DE LA CATALOGACIÓN
Centro catalogador/agencia de origen DO-SdBNP
Lengua de catalogación spa
Centro/agencia transcriptor BNPHU
082 ## - NÚMERO DE LA CLASIFICACIÓN DECIMAL DEWEY
Número de clasificación xxxx
Número de documento/Ítem E77e
049 ## - FONDOS LOCALES (OCLC)
Fondos de biblioteca BNPD
100 1# - ENTRADA PRINCIPAL--NOMBRE DE PERSONA
Nombre de persona Espadas Burgos, Manuel
9 (RLIN) 15130
245 13 - MENCIÓN DE TÍTULO
Título La escuela española de historia y arqueología en Roma :
Resto del título un Guadiana junto al Tíber /
Mención de responsabilidad, etc. Manuel Espadas Burgos.
260 ## - PUBLICACIÓN, DISTRIBUCIÓN, ETC.
Lugar de publicación, distribución, etc. La Mancha, España :
Nombre del editor, distribuidor, etc. Universidad de Castilla,
Fecha de publicación, distribución, etc. 2000.
300 ## - DESCRIPCIÓN FÍSICA
Extensión 166 p. :
Otras características físicas il. ;
Dimensiones 24 cm.
500 ## - NOTA GENERAL
Nota general Incluye tabla de contenido
Holdings
Estado de retiro Estado de pérdida Restricciones de uso No para préstamo Código de colección Localización permanente Ubicación/localización actual Ubicación en estantería Fecha de adquisición Número de inventario Total de préstamos Signatura topográfica completa Código de barras Fecha visto por última vez Precio válido a partir de Tipo de ítem Koha
        Monografías: Libros y Folletos General General Depósito 19.08.2009 LF1   xxxx E77e 5334-10 25.06.2020 25.06.2020 Préstamo en sala

Powered by Koha